EK22-2 - DANSKE BYER - Statistics

General Stats
  • This quiz has been taken 546 times
  • The average score is 46 of 72
Answers on the Map
Answers color-coded by a green-red scale on the quiz's map according to % correct below.
 
Answer Stats
By % Correct
Aalborg
96%
Skagen
94%
Aarhus
93%
Odense
91%
Esbjerg
89%
København
89%
Frederikshavn
85%
Randers
83%
Vejle
83%
Herning
82%
Silkeborg
82%
Sønderborg
81%
Fredericia
80%
Roskilde
80%
Viborg
79%
Kolding
78%
Middelfart
78%
Hjørring
77%
Nyborg
77%
Køge
76%
Horsens
75%
Svendborg
75%
Helsingør
74%
Tønder
73%
Grenå
70%
Korsør
70%
Skanderborg
70%
Hillerød
69%
Ringkøbing
69%
Slagelse
69%
Holstebro
68%
Haderslev
67%
Nykøbing Falster
67%
Skive
67%
Faaborg
66%
Rønne
65%
Næstved
64%
Aabenraa
63%
Holbæk
63%
Nørresundby
63%
Ringsted
63%
Hobro
62%
Nykøbing Mors
61%
Kerteminde
60%
Kalundborg
59%
Assens
58%
Ribe
58%
Varde
58%
Maribo
56%
Bogense
55%
Vordingborg
55%
Nakskov
54%
Sorø
54%
Struer
54%
Sæby
53%
Lemvig
51%
Brønderslev
50%
Frederikssund
49%
Allinge
46%
Nexø
46%
Nykøbing Sjælland
46%
Rudkøbing
45%
Nibe
44%
Gudhjem
43%
Frederiksværk
42%
Svaneke
41%
Mariager
40%
Skælskør
38%
Hasle
36%
Aakirkeby
35%
Løgstør
35%
Store Heddinge
29%
No matching quizzes found
Score Distribution
Percent of People with Each Score
Percentile by Number Answered
Your Score History
You have not taken this quiz